000 00691nam a2200265Ia 4500
001 35576
005 20240114001820.0
007 ta
008 070324s1898 g b000 u 465 u
040 _aCotton College,Assam
041 _a465
082 _a900
_bSt 76 Mo
100 _aMcCarthy, Justin .
245 0 _aModern England: Before the Reform Bill /
_cJustin McCarthy.
_hTextual Documents
250 _a1st ed. /
260 _aNew York :
_bT.Fisher Unwin ,
_c1898.
300 _a340p. ;
_c20cm.
653 _aHistory-England
653 _aG-History
653 _aT/G-History
942 _2ddc
_cBK
999 _c35558
_d35558